000 01091nam2a2200277 4500
001 RU\NLR\bibl\997016
005 20250614222938.0
010 _a5-699-17143-6
_95000
021 _aRU
_b2006-53373
_92634
035 _a(NLR Aleph) 000984775
090 _a481707
_c481707
100 _a20061013d2006 |||y0rusy50 ca
101 1 _arus
_ceng
102 _aRU
105 _aa |||||||||
200 1 _a[Эзотерическое учение
_fпер. с англ. А. Хейдока]
210 _aМосква
_cЭксмо
_d2006
215 _a748,[1] с.
_cил.
300 _aЗагл. указано на обл.
320 _aБиблиогр. в подстроч. прим.
461 0 _1001RU\NLR\bibl\1002268
_12001#$aТайная доктрина$vТ. 3
_9512665
_aБлаватская, Е. П. (1831-1891)
_cМосква
_d2006
_fЕ.П. Блаватская
_nЭКСМО
_o[синтез науки, религии и философии]
_tТайная доктрина
_vТ. 3
801 0 _aRU
_bNLR
_c20061013
_grcr
801 1 _aRU
_bNLR
_c20061013
942 _cBOOK
980 _aNB